00929cam a22002654a 450000100100000000500170001000800410002702000150006804000230008304200080010608200180011410000530013224500810018526000320026630000280029849000290032665000280035565000310038370000350041483000370044991000340048691000070052095201210052799900150064800000552120200929151711.0990630s1998 sp a b 000 1 spa  a8437616654 aDO-SdBNPcDLCdDLC apcc a863.6bB644ma1 aBlasco Ibáñez, Vicente, d1867-1928.91501713aLa maja desnuda /cVicente Blasco Ibáñez ; edición de Facundo Tomás. aMadrid :bCátedra,c1998. a475 p. :bil. ;c18 cm.1 aLetras hispánicasv496 4aNovela española91123 4aLiteratura española96321 aTomás Ferre, Facundo.915627 0aLetras hispánicas ;v49694208 aCatalogación por copia / LC aWM 001052708MOaGRbGRcHDd2009-08-19iLF1l0o863.6 B644map5521-10r2020-06-25w2020-06-25y2ZPréstamo interno c5320d5320